| 000 | 00538cam a2200205ua 4500 | ||
|---|---|---|---|
| 001 | 137 | ||
| 008 | 110321n ii |||gr||||Z||||||eng | ||
| 020 | _a81-87105-94-1 | ||
| 040 | _cMAIN | ||
| 082 | _a005 | ||
| 245 |
_aTeach yourself Dynamic html in a week. _cBy Bruce Campbell. |
||
| 250 | _a1st. | ||
| 260 |
_aNew Delhi.: _bTechmedia.,998. |
||
| 300 |
_axvi, 508 p.: _bill.; _c22 cm. |
||
| 653 | _aComputer science. | ||
| 653 | _aTeach yourself dynamic html. | ||
| 700 | 1 | _aCampbell, Bruce., | |
| 700 | 1 | _aDarnell, Rick., | |
| 942 | _cBK | ||
| 999 |
_c125 _d125 |
||